000 00707nam a2200289Ia 4500
005 20260324124310.0
008 008 260324s9999 xx 000 0 eng d
020 _a9781315260822
037 _aEBOOK
040 _aCRL
040 _beng
040 _cCRL
041 _2eng
041 _aeng
084 _qCRL
100 _aJoyce de Vries
_91173614
245 0 _aCaterina Sforza and the Art of Appearances
245 0 _bGender, Art and Culture in Early Modern Italy
260 _bTaylor and Francis
260 _c2010
365 _a
365 _b255
856 _uhttp://www.taylorfrancis.com/books/9781315260822
942 _cEBOOK
999 _c1767877
_d1767877